Catálogo

LA UTOPIA SKINNERIANA : (Registro nro. 57704)

Detalles MARC
000 -LEADER
fixed length control field 00894nam a2200205 a 4500
001 - CONTROL NUMBER
control field 57704
005 - DATE AND TIME OF LATEST TRANSACTION
control field 20180714054012.0
008 - FIXED-LENGTH DATA ELEMENTS--GENERAL INFORMATION
fixed length control field 140415s1991 mx 000 0 spa d
020 ## - INTERNATIONAL STANDARD BOOK NUMBER
International Standard Book Number 9700502155
041 ## - LANGUAGE CODE
Language code of text/sound track or separate title spa
082 ## - DEWEY DECIMAL CLASSIFICATION NUMBER
Classification number 301.1
Item number PRI
100 1# - MAIN ENTRY--PERSONAL NAME
Personal name PRIETO, JOSE LUIS
245 13 - TITLE STATEMENT
Title LA UTOPIA SKINNERIANA :
Remainder of title BASES PSICOLOGICAS
250 ## - EDITION STATEMENT
Edition statement 1a ed.
260 ## - PUBLICATION, DISTRIBUTION, ETC.
Place of publication, distribution, etc. MEXICO :
Name of publisher, distributor, etc. GRIJALBO,
Date of publication, distribution, etc. 1991
300 ## - PHYSICAL DESCRIPTION
Extent 397
Dimensions 13.4 x 1.3 x 20.8
490 ## - SERIES STATEMENT
Series statement LOS NOVENTA
520 ## - SUMMARY, ETC.
Summary, etc. EL MODELO UTOPICO PROPUESTO POR B. F SKINNER PARTE DE LA IDEA DE QUE BAJO LOS SUPUESTOS DE ANALISIS EXPERIMENTAL DE LA CONDUCTA , PUEDE CONSTRUIRSE UN PROYECTO DE SOCIEDAD BASADO EN EL REFUERZO POSITIVO. ESTE PLANTEAMIENTO HA PROVOCADO DESDE SU FORMULACION REACCIONES CONTRADICTORIAS , PERO SIEMPRE INTENSAS Y AMPLIAMENTE DISCUTIDAS.
650 14 - SUBJECT ADDED ENTRY--TOPICAL TERM
Topical term or geographic name entry element COMPORTAMIENTO SOCIAL
General subdivision SOCIEDAD
-- TEORIA
-- SOCIOLOGIA
Existencias
Withdrawn status Lost status Source of classification or shelving scheme Damaged status Not for loan Collection code Home library Current library Shelving location Date acquired Source of acquisition Inventory number Total Checkouts Full call number Barcode Date last seen Date last checked out Price effective from Koha item type
    Dewey Decimal Classification     General Biblioteca Karol Wojtyla Biblioteca Karol Wojtyla Sala general 03/12/2013 Compra 151000000000000000057903   301.1 PRI 87193 05/01/2026 28/09/2017 03/12/2013 Libro
    Dewey Decimal Classification     General Biblioteca Karol Wojtyla Biblioteca Karol Wojtyla Sala general 03/12/2013 Compra 151000000000000000057881   301.01 PRI 54195 05/01/2026 06/06/2016 03/12/2013 Libro